| 000 | 00384nam a2200157Ia 4500 | ||
|---|---|---|---|
| 008 | 230718s9999 xx 000 0 und d | ||
| 041 | _aeng | ||
| 082 |
_a621.38 _bKAT |
||
| 100 | _aKatre J.S. | ||
| 245 | _aDigital Communication | ||
| 260 |
_c2005 _bTech-Max Publications |
||
| 300 | _a702 | ||
| 365 |
_cRs. _b325.00 |
||
| 700 | _aKatre J.S. | ||
| 906 |
_d1392/13.3.06 _cETC _b48.75 |
||
| 999 |
_c312935 _d312935 |
||